The wild of Madagascar [

Bibliographic Details
Corporate Author: NATIONAL GEOGRAPHIC
Format: Book
Published: s.l. : National Geographic , 19__
Subjects:

MARC

LEADER 00000cam a2200000 7i4500
001 0000002207
002 000002407
005 20021002.0
020 |a 000002407 
090 0 0 |a 333.9516   |b WIL 
245 0 4 |a The wild of Madagascar [  |h video recording] 
260 |a s.l. :   |b National Geographic ,   |c 19__ 
300 |a 1 Video recording VHS (60 minutes) :   |b col.(PAL) 
500 |a Library has 1 copy 
650 0 0 |a Wildlife conservation   |x Madagascar 
710 2 |a NATIONAL GEOGRAPHIC 
999 |a 00104   |b VIDEO   |c KOLEKSI AUDIO VIDEO   |e PERPUSTAKAAN KOMUNITI PETALING JAYA